Catalog

Record Details

Catalog Search



Available copies

  • 1 of 1 copy available at LARL/NWRL Consortium.
  • 1 of 1 copy available at Northwest Regional Library. (Show preferred library)

Current holds

0 current holds with 1 total copy.

Show Only Available Copies
Location Call Number / Copy Notes Barcode Shelving Location Status Due Date
Roseau Public Library j AVA (Text) 35500006878878 Main Available -

Record details

  • ISBN: 9781339008646
  • ISBN: 1339008645
  • ISBN: 9798368720241
  • ISBN: 9781223257402
  • ISBN: 1223257401
  • ISBN: 9781546143055
  • ISBN: 154614305X
  • Physical Description: 123 pages : illustrations ; 20 cm.
  • Publisher: New York, NY : Scholastic Inc., 2024.

Content descriptions

General Note:
"An unofficial Roblox book."
Summary, etc.:
"Ari is super excited for the holidays! He finally ... Read More
Subject: Roblox (Computing platform) > Juvenile fiction.
Best friends > Juvenile fiction.
Friendship > Juvenile fiction.
Islands > Juvenile fiction.
Survival > Juvenile fiction.
Roblox (Computing platform) > Fiction.
Best friends > Fiction.
Friendship > Fiction.
Islands > Fiction.
Survival > Fiction.
Adventure and adventurers > Fiction.
JUVENILE FICTION / Media Tie-In.
JUVENILE FICTION / Social Themes / Friendship.
JUVENILE FICTION / Action & Adventure / Survival Stories.
Best friends
Islands
Roblox (Computing platform)
Survival
Genre: Action and adventure fiction
Diary fiction
Fantasy fiction
Fiction
Juvenile works
Action and adventure fiction.
Fantasy fiction.
Diary fiction.
LDR 03622cam a2200865 i 4500
001468186
003LARL_NWRL_CONSORTIUM
00520250731142401.0
008240819t20242024nyua c 000 1 eng d
040 . ‡aFMG ‡beng ‡erda ‡cFMG ‡dOCLCO ‡dIEP ‡dTOH ‡dNYP ‡dJTH ‡dFX8 ‡dOCLCQ ‡dXY4 ‡dOCLCO ‡dIG#
019 . ‡a1455284856 ‡a1458494392
020 . ‡a9781339008646 ‡q(paperback)
020 . ‡a1339008645 ‡q(paperback)
020 . ‡a9798368720241 ‡qFollett bdg
020 . ‡a9781223257402 ‡qFollett bdg
020 . ‡a1223257401 ‡qFollett bdg
020 . ‡a9781546143055
020 . ‡a154614305X
035 . ‡a(OCoLC)1452681967 ‡z(OCoLC)1455284856 ‡z(OCoLC)1458494392
08204. ‡a[Fic] ‡223
1001 . ‡aAvatar, Ari, ‡eauthor.
24510. ‡aSurvive the island / ‡cby Ari Avatar.
264 1. ‡aNew York, NY : ‡bScholastic Inc., ‡c2024.
264 4. ‡c©2024.
300 . ‡a123 pages : ‡billustrations ; ‡c20 cm.
336 . ‡atext ‡2rdacontent
337 . ‡aunmediated ‡2rdamedia
338 . ‡avolume ‡2rdacarrier
4900 . ‡aDiary of a Roblox Pro ; ‡v8
500 . ‡a"An unofficial Roblox book."
520 . ‡a"Ari is super excited for the holidays! He finally gets the chance to relax. That is, until he finds out that his sister is joining him on vacation. So lame! The trip soon takes an unexpected turn that leaves Ari and his friends stranded on a deserted island. How will they survive? And what about that strange buzzing that's coming from the island core?"--Provided by publisher.
650 0. ‡aRoblox (Computing platform) ‡vJuvenile fiction.
650 0. ‡aBest friends ‡vJuvenile fiction. ‡0(LARL_NWRL_CONSORTIUM)170952
650 0. ‡aFriendship ‡vJuvenile fiction. ‡0(LARL_NWRL_CONSORTIUM)164914
650 0. ‡aIslands ‡vJuvenile fiction. ‡0(LARL_NWRL_CONSORTIUM)170006
650 0. ‡aSurvival ‡vJuvenile fiction.
650 1. ‡aRoblox (Computing platform) ‡vFiction.
650 1. ‡aBest friends ‡vFiction. ‡0(LARL_NWRL_CONSORTIUM)168959
650 1. ‡aFriendship ‡vFiction. ‡0(LARL_NWRL_CONSORTIUM)164944
650 1. ‡aIslands ‡vFiction. ‡0(LARL_NWRL_CONSORTIUM)165223
650 1. ‡aSurvival ‡vFiction.
650 1. ‡aAdventure and adventurers ‡vFiction. ‡0(LARL_NWRL_CONSORTIUM)175858
650 7. ‡aJUVENILE FICTION / Media Tie-In. ‡2bisacsh
650 7. ‡aJUVENILE FICTION / Social Themes / Friendship. ‡2bisacsh
650 7. ‡aJUVENILE FICTION / Action & Adventure / Survival Stories. ‡2bisacsh
650 7. ‡aBest friends ‡2fast ‡0(LARL_NWRL_CONSORTIUM)42255
650 7. ‡aIslands ‡2fast ‡0(LARL_NWRL_CONSORTIUM)23500
650 7. ‡aRoblox (Computing platform) ‡2fast
650 7. ‡aSurvival ‡2fast ‡0(LARL_NWRL_CONSORTIUM)176193
655 7. ‡aAction and adventure fiction ‡2fast
655 7. ‡aDiary fiction ‡2fast
655 7. ‡aFantasy fiction ‡2fast
655 7. ‡aFiction ‡2fast
655 7. ‡aJuvenile works ‡2fast
655 7. ‡aAction and adventure fiction. ‡2lcgft
655 7. ‡aFantasy fiction. ‡2lcgft
655 7. ‡aDiary fiction. ‡2lcgft
901 . ‡a468186 ‡bAUTOGEN ‡c468186 ‡tbiblio

Additional Resources